Ottův slovník naučný nové doby

Saved in:
Bibliographic Details
Format: Book
Language:Czech
Published: Praha J. Otto 1934
Tags: Add Tag
No Tags, Be the first to tag this record!

MARC

LEADER 00000nam a2200000 4500
001 c123424
005 20041019155228.2
041 0 |a cze 
044 |a CZ 
245 1 0 |a Ottův slovník naučný  |b nové doby 
264 1 |a Praha  |b J. Otto  |c 1934 
300 |a 708 s.